00000000nem##2200000za#4500
0019.548427
003CaOODSP
00520200326233435
007aj |a|||
008150406|2010||||xxc||||   a##f  |   fre|d
020 |a978-0-660-64275-8
022 |a1915-884X
040 |aCaOODSP|bfre
041 |aeng
041 |afre
043 |an-cn---
0861 |aM116-2/063E16
1101 |aCanada.|bRessources naturelles Canada. |bCentre d'information topographique.
24510|aCumberland House, Saskatchewan : |h[document cartographique]|bNorthern Saskatchewan Administration District
250 |aÉd. 03, version 00
255 |aÉchelle 1:50,000
260 |aOttawa - Ontario : |bRessources naturelles Canada. |c2010.
300 |a1 feuille. : |bcarte en couleur ; |c69 cm.
4901 |aCartes topographiques du Canada|x1915-884X|v63-E/16
500 |aSérie A742. Comprend une légende.
590 |a10-22|b2010-06-04
7760#|tCumberland House, Saskatchewan : |w(CaOODSP)9.583597
791 |tCumberland House, Saskatchewan : |eeng|w(CaOODSP)9.548426
830#0|aCartes topographiques du Canada,|x1915-884X|v63-E/16|w(CaOODSP)9.511451